| 000 | 01021nac a22003137a 4500 | ||
|---|---|---|---|
| 001 | BR9801300 | ||
| 003 | BR-BrBNA | ||
| 005 | 20240105122055.0 | ||
| 008 | 230509b bl.|||m| |||| 00| 0 por d | ||
| 040 |
_aBR-BrBNA _bpor _cBiblioteca Nacional de Agricultura |
||
| 072 | _aH20 | ||
| 090 | _a1000 BR9801300 | ||
| 100 | 1 | _aTeixeira, C.A.D. | |
| 100 | 1 | _aRodrigues, V.G.S. | |
| 100 | 1 | _aAviles, D.P. | |
| 100 | 1 | _aFerreira, M. das G. | |
| 110 | 1 | _aCentro de Pesquisa Agroflorestal de Rondonia, Porto Velho (Brasil) | |
| 245 | 1 | _aA leprose dos citros em Rondonia: caracterizacao e recomendacoes de manejo | |
| 260 | 3 |
_aPorto Velho, RO (Brasil): _c1997. |
|
| 300 | _a4 p. | ||
| 490 |
_aComunicado Tecnico - Centro de Pesquisa Agroflorestal de Rondonia (Brazil) _vno. 112 _xISSN 0103-9458 |
||
| 500 | _a15 ref. | ||
| 650 | _aFruta Citrica | ||
| 650 | _aLeprose Citrica | ||
| 650 | _aTransmissao de Doenca | ||
| 650 | _aRondonia | ||
| 909 |
_a202312 _bLúcia Elande _c55 _dLúcia Elande |
||
| 942 |
_2AGRIS _n0 _cMS |
||
| 999 |
_c289056 _d289056 |
||